| 000 | 00765nam a22002777a 4500 | ||
|---|---|---|---|
| 001 | BR0505281 | ||
| 003 | BR-BrBNA | ||
| 005 | 20230928102035.0 | ||
| 007 | ta | ||
| 008 | 230509b bl.||||| |||| 00| 0 por d | ||
| 040 |
_aBR-BrBNA _bpor _cBiblioteca Nacional de Agricultura |
||
| 041 | _a(Por) | ||
| 072 | _aA50 | ||
| 090 | _ A50 BR0505281 | ||
| 110 | 1 |
_aEMBRAPA Roraima, Boa Vista (Brasil) _93711 |
|
| 245 | 1 | _a2. plano diretor 2000-2003 | |
| 260 | 3 |
_aBoa Vista, RR (Brasil): _c2001. |
|
| 300 | _a32 p. | ||
| 650 | _aAGRICULTURA | ||
| 650 | _aINSTITUIÇÃO DE PESQUISA | ||
| 650 | _aADMINISTRAÇÃO DE PESQUISA | ||
| 650 | _aPLANEJAMENTO DE PESQUISA | ||
| 650 | _aTRANSFERÊNCIA DE TECNOLOGIA | ||
| 909 |
_a202309 _bLucia _c55 _dLucia Elande |
||
| 942 | _cBK | ||
| 999 |
_c68842 _d68842 |
||